[Event "CZE-chT2A 1415"]
[Site "Czech Republic"]
[Date "2014.11.16"]
[Round "2.8"]
[White "Chlad, Lukas"]
[Black "Simecek, Josef"]
[Result "0-1"]
[WhiteElo "1936"]
[BlackElo "1906"]
[PlyCount "140"]
[EventDate "2014.11.02"]
[EventType "team-tourn"]
[EventRounds "11"]
[EventCountry "CZE"]
[SourceTitle "EXT 2022"]
[Source "ChessBase"]
[SourceDate "2021.10.06"]
[SourceVersion "1"]
[SourceVersionDate "2021.10.06"]
[SourceQuality "1"]
[WhiteTeam "Klatovy"]
[BlackTeam "Pisek"]
[WhiteTeamCountry "CZE"]
[BlackTeamCountry "CZE"]

1. e4 e6 2. d4 d5 3. Nd2 dxe4 4. Nxe4 Nf6 5. Nxf6+ Qxf6 6. Nf3 h6 7. Be3 Bd6 8. Qd2 Nc6 9. Bb5 Bd7 10. 0-0-0 0-0-0 11. Qc3 Nb4 12. Bxd7+ Rxd7 13. Qb3 Nd5 14. Rhe1 Nxe3 15. fxe3 Rhd8 16. Rf1 Qg6 17. Rd2 Qe4 18. Rdf2 f6 19. Nd2 Qd5 20. g3 Qxb3 21. Nxb3 b6 22. c3 c5 23. Re2 Kc7 24. Rd1 Kc6 25. e4 Bf8 26. Red2 c4 27. Na1 b5 28. Nc2 a5 29. a3 Rb8 30. d5+ exd5 31. Rxd5 Rxd5 32. Rxd5 Bc5 33. Nd4+ Bxd4 34. cxd4 Re8 35. Rc5+ Kb6 36. a4 bxa4 37. Rxc4 Rxe4 38. Kd2 Kb5 39. Kd3 Re3+ 40. Kxe3 Kxc4 41. Ke4 g6 42. g4 f5+ 43. gxf5 gxf5+ 44. Ke5 f4 45. d5 f3 46. d6 f2 47. d7 f1Q 48. d8Q Qe2+ 49. Kf6 Qxb2+ 50. Kg6 Qg2+ 51. Kh7 Qg5 52. Qc7+ Kb4 53. Qb7+ Qb5 54. Qe4+ Qc4 55. Qb1+ Kc5 56. Qf5+ Qd5 57. Qc8+ Qc6 58. Qf8+ Kb6 59. Qf2+ Kb7 60. Qb2+ Ka7 61. Qd4+ Qb6 62. Qxa4 Qc7+ 63. Kxh6 Qxh2+ 64. Kg7 Qg3+ 65. Kh6 Qd6+ 66. Kg5 Qc5+ 67. Kf6 Ka6 68. Qd7 Qb6+ 69. Ke5 Qb5+ 70. Qxb5+ Kxb5 0-1

[Event "CZE-chT2A 1415"]
[Site "Czech Republic"]
[Date "2014.11.02"]
[Round "1.6"]
[White "Simecek, Josef"]
[Black "Jaros, Martin"]
[Result "0-1"]
[WhiteElo "1906"]
[BlackElo "2200"]
[PlyCount "66"]
[EventDate "2014.11.02"]
[EventType "team-tourn"]
[EventRounds "11"]
[EventCountry "CZE"]
[SourceTitle "EXT 2022"]
[Source "ChessBase"]
[SourceDate "2021.10.06"]
[SourceVersion "1"]
[SourceVersionDate "2021.10.06"]
[SourceQuality "1"]
[WhiteTeam "Pisek"]
[BlackTeam "Kozolupy"]
[WhiteTeamCountry "CZE"]
[BlackTeamCountry "CZE"]

1. e4 e5 2. Nf3 Nc6 3. Bb5 Nf6 4. Nc3 Bb4 5. Qe2 0-0 6. a3 Ba5 7. 0-0 Re8 8. Bxc6 bxc6 9. d3 h6 10. Nh4 d5 11. Nf5 Bxf5 12. exf5 Qd7 13. b4 Bb6 14. g4 Bd4 15. Bd2 e4 16. h3 Qd6 17. Kg2 a5 18. Rab1 axb4 19. axb4 Ra3 20. Rb3 Rxb3 21. cxb3 Bxc3 22. Bxc3 d4 23. Bd2 e3 24. fxe3 dxe3 25. Be1 Nd5 26. Bg3 Qxb4 27. Rc1 Qb5 28. Rc4 Qxb3 29. Rxc6 Nc3 30. Qf3 Qb2+ 31. Kh1 Qc1+ 32. Kg2 Qd2+ 33. Kh1 e2 0-1

[Event "Tabor op"]
[Site "Tabor"]
[Date "2013.07.30"]
[Round "4"]
[White "Parak, Dominik"]
[Black "Simecek, Josef"]
[Result "1-0"]
[WhiteElo "2079"]
[BlackElo "1939"]
[PlyCount "115"]
[EventDate "2013.07.28"]
[EventType "swiss"]
[EventRounds "9"]
[EventCountry "CZE"]
[SourceTitle "CBM 155 Extra"]
[Source "ChessBase"]
[SourceDate "2013.08.26"]
[SourceVersion "1"]
[SourceVersionDate "2013.08.26"]
[SourceQuality "1"]

1. e4 d5 2. exd5 Qxd5 3. Nc3 Qa5 4. Bc4 Nf6 5. d3 Bg4 6. Nge2 e6 7. 0-0 Bd6 8. Qe1 Nbd7 9. Ng3 0-0 10. Nb5 Qxe1 11. Rxe1 Nb6 12. Nxd6 cxd6 13. Bb3 d5 14. Bg5 Nbd7 15. c3 Bh5 16. Nxh5 Nxh5 17. Rac1 h6 18. Be3 Rfc8 19. Red1 Nc5 20. Bc2 Nf6 21. f3 b6 22. b4 Ncd7 23. Bb3 a5 24. a4 Kf8 25. Kf2 Rc6 26. Ke2 Rac8 27. Kd2 e5 28. b5 R6c7 29. d4 e4 30. Bf4 Ra7 31. Re1 Raa8 32. Re3 exf3 33. gxf3 Re8 34. Bd6+ Kg8 35. Rce1 Rxe3 36. Rxe3 Re8 37. Rxe8+ Nxe8 38. Be7 Nef6 39. Ke3 g5 40. c4 dxc4 41. Bxc4 Kg7 42. Bd8 Kf8 43. Bb3 Ke8 44. Bc7 Ke7 45. Kd3 Ne8 46. Bg3 f5 47. Bd5 f4 48. Bf2 Nef6 49. Bc6 Kd6 50. Kc4 h5 51. Be1 Nb8 52. Ba8 Nbd7 53. Bd2 Nf8 54. h4 Ne6 55. hxg5 h4 56. d5 h3 57. dxe6 Kxe6 58. Bxf4 1-0

[Event "Tabor op"]
[Site "Tabor"]
[Date "2013.07.29"]
[Round "2"]
[White "Borkovec, Milan"]
[Black "Simecek, Josef"]
[Result "1-0"]
[WhiteElo "2188"]
[BlackElo "1939"]
[PlyCount "102"]
[EventDate "2013.07.28"]
[EventType "swiss"]
[EventRounds "9"]
[EventCountry "CZE"]
[SourceTitle "CBM 155 Extra"]
[Source "ChessBase"]
[SourceDate "2013.08.26"]
[SourceVersion "1"]
[SourceVersionDate "2013.08.26"]
[SourceQuality "1"]

1. e4 d5 2. exd5 Qxd5 3. Nc3 Qa5 4. Bc4 Nf6 5. d3 Bg4 6. Nge2 e6 7. 0-0 Bd6 8. Qe1 0-0 9. Nd5 Qxe1 10. Nxf6+ gxf6 11. Rxe1 Nd7 12. h3 Bh5 13. Nf4 Bxf4 14. Bxf4 c6 15. Bh6 Rfe8 16. g4 Bg6 17. h4 Ne5 18. Rxe5 fxe5 19. h5 Bxh5 20. gxh5 f6 21. Re1 Kf7 22. d4 exd4 23. f4 b5 24. Bd3 Rg8+ 25. Kf2 f5 26. Re5 Rad8 27. Rc5 Rd6 28. Be2 Rb8 29. Bf3 Rc8 30. Ke2 Rb8 31. Bg5 a6 32. Bh4 h6 33. Bf2 Rbd8 34. Kd3 Rg8 35. b4 Ke7 36. Bxc6 Rg4 37. a3 Rd8 38. Bb7 Rxf4 39. Bg3 Rg4 40. Be5 f4 41. Bf3 Rg3 42. Rc7+ Rd7 43. Rxd7+ Kxd7 44. Ke4 Rg1 45. Bxd4 Rc1 46. c3 Ra1 47. Be5 Rxa3 48. Kd4 Ra1 49. Bxf4 Rf1 50. Ke3 Re1+ 51. Kd3 Rf1 1-0

[Event "Tabor op"]
[Site "Tabor"]
[Date "2013.07.28"]
[Round "1"]
[White "Simecek, Josef"]
[Black "Vorsilka, Jiri"]
[Result "0-1"]
[WhiteElo "1939"]
[BlackElo "1688"]
[PlyCount "80"]
[EventDate "2013.07.28"]
[EventType "swiss"]
[EventRounds "9"]
[EventCountry "CZE"]
[SourceTitle "CBM 155 Extra"]
[Source "ChessBase"]
[SourceDate "2013.08.26"]
[SourceVersion "1"]
[SourceVersionDate "2013.08.26"]
[SourceQuality "1"]

1. e4 e5 2. Nf3 Nc6 3. d4 exd4 4. Bc4 Nf6 5. e5 d5 6. exd6 Qxd6 7. 0-0 Be7 8. c3 Bg4 9. cxd4 0-0 10. Be3 Rad8 11. d5 Nxd5 12. Bxd5 Qxd5 13. Qe2 Bxf3 14. gxf3 Ne5 15. Nd2 Rfe8 16. f4 Nd3 17. b3 Bf6 18. Rad1 Nxf4 19. Qg4 Qg5 20. Qxg5 Bxg5 21. Nf3 Ne2+ 22. Kg2 Bxe3 23. fxe3 f6 24. Kf2 Nc3 25. Ra1 c5 26. Rfc1 Ne4+ 27. Kg2 Rd3 28. Re1 g5 29. Re2 h5 30. Rae1 b6 31. Rc1 Red8 32. Ne1 Rd2 33. Kf3 g4+ 34. Kxe4 Rxe2 35. Nd3 Rxa2 36. Nf4 Rxh2 37. Kf5 Kf7 38. Rc4 Rf2 39. Ke4 h4 40. Nd3 f5+ 0-1

[Event "Tabor op"]
[Site "Tabor"]
[Date "2010.08.06"]
[Round "7"]
[White "Zadrapa, Radek"]
[Black "Simecek, Josef"]
[Result "1/2-1/2"]
[WhiteElo "2049"]
[BlackElo "1912"]
[PlyCount "39"]
[EventDate "2010.08.01"]
[EventType "swiss"]
[EventRounds "9"]
[EventCountry "CZE"]
[SourceTitle "EXT 2012"]
[Source "ChessBase"]
[SourceDate "2011.11.24"]
[SourceVersion "1"]
[SourceVersionDate "2011.11.24"]
[SourceQuality "1"]

1. e4 d5 2. exd5 Qxd5 3. Nc3 Qa5 4. d4 Nf6 5. Bc4 Bf5 6. Nf3 e6 7. 0-0 c6 8. Bf4 Bb4 9. Ne2 0-0 10. c3 Be7 11. Ng3 Bg6 12. Re1 Nbd7 13. Ne5 Nxe5 14. Bxe5 b5 15. b4 Qb6 16. Bd3 Nd5 17. Bxg6 hxg6 18. Ne2 a5 19. a3 Ra7 20. Rc1 1/2-1/2